[Event "Bengaluru Karnataka op"]
[Site "Bengaluru"]
[Date "2018.04.15"]
[Round "4"]
[White "Girish, A Koushnik"]
[Black "Muralidhara, GK."]
[Result "1-0"]
[WhiteElo "2401"]
[BlackElo "1591"]
[PlyCount "45"]
[EventDate "2018.04.14"]
[EventType "swiss"]
[EventRounds "10"]
[EventCountry "IND"]
[SourceTitle "CBM 184 Extra"]
[Source "ChessBase"]
[SourceDate "2018.06.28"]
[SourceVersion "1"]
[SourceVersionDate "2018.06.28"]
[SourceQuality "1"]

1. Nf3 Nf6 2. c4 e6 3. g3 b6 4. Bg2 Bb7 5. 0-0 Be7 6. Nc3 0-0 7. Re1 c5 8. e4 d6 9. d4 cxd4 10. Nxd4 Nbd7 11. e5 Bxg2 12. exf6 Nxf6 13. Kxg2 Rc8 14. Qe2 Qc7 15. Bg5 Qc5 16. Qd2 Qxc4 17. Nf5 Qc6+ 18. Kg1 Rfe8 19. Nxe7+ Rxe7 20. Bxf6 gxf6 21. Nd5 Qxd5 22. Qxd5 exd5 23. Rxe7 1-0